01611nam0a22003011 4500001001200000005001700012010002900029021001700058035002600075100004100101101000800142102000700150105001600157200032600173210004300499215002800542300005000570320005300620606015900673686003100832701009900863701017000962701006901132801002801201801003101229801003101260852001801291GAK\336690820250626050718.0 bВ пер.d1 р. 30 к. aRUb82-77801 a(NLR Aleph) 011348340 a20170316d1982 |||y0rusy50 ca0 arus aRU aa j||||||||1 aПроектирование металлических мостовe[учебник для вузов по специальности "Мосты и тоннели"fА.А. Петропавловский, Н.Н. Богданов, Н.Г. Бондарь и др.]gпод ред. А.А. Петропавловского aМоскваcТранспортd1982 a431, [1] с.cил.d22 aНа обл. авторы не указаны aБиблиогр. в конце разделов1 aМеталлические мостыxПроектированиеjУчебные издания для высших учебных заведений0 aО112.254-022я73-12rubbk 1aПетропавловскийbА. А.gАндрей Александрович40704340 17ca8rusaБогдановbН. Н.cд-р техн. наук, проектирование мостовgНиколай Николаевич3RU\NLR\AUTH\770215800 aБондарьbН. Г.gНиколай Герасимович 0aRUbNLRc20170316gpsbo 1aRUbNLRc201703162rusmarc 2aRUbNLRc201703162rusmarc aNLRj83-7/247